000 00495nam a2200133 4500
008 0 2003 0a 000 0MEX
050 _aTP155 M6 S6 2003
082 _a660.284.25 S6c
100 _aSoriano Madrigal, Guadalupe Noelle
245 _aC lculo del diametro de una columna de destilación / Guadalupe Noelle Soriano Madrigal
300 _a44 p. / 29 cm.
502 _aMonografía. Opción v. I.T.Z. ( Química ) M.C. Jorge Rosales P‚rez
650 _a1.COLUMNAS DE DESTILACION
999 _c17087
_d17087